| 000 | 01181nkm a2200325 c 4500 | ||
|---|---|---|---|
| 999 |
_c210432 _d210432 |
||
| 003 | BLK | ||
| 005 | 20200430105329.0 | ||
| 008 | 180412b bul rap|r|||| r0| ||bulo| | ||
| 010 | _aKNG00165434000 | ||
| 020 | _a2-04-12756-3 | ||
| 040 | _aBLK | ||
| 041 |
_aFRE _cFRE |
||
| 080 |
_aФотография. Кинематография _b77 _z77 |
||
| 139 |
_aLa photographie d'art _bФ 74 _fP 58 _gФ 74 |
||
| 245 | 1 | 0 |
_aLa photographie d'art _ctexte de Douglas Davis. |
| 257 | _aFRA | ||
| 260 |
_bBordas _c1984 |
||
| 300 |
_a224 p. _bill. _c30 cm |
||
| 380 | _a7 | ||
| 500 | _aБиогр. спр. ; Речник на техн. термини изп. в книгата ; Списък на ил. | ||
| 650 | 4 |
_aФотография, художествена - албуми _9279766 |
|
| 653 | _aфотография | ||
| 653 | _aхудожествена фотография | ||
| 700 | 1 |
_aDavis, Douglas _etexte de _9352421 |
|
| 852 | _aЦб Гр А ІІ 3353 | ||
| 856 | 4 |
_qpdf _u |
|
| 856 | 4 |
_qpdf _u |
|
| 942 |
_cGRA _n0 _s1 |
||
| 944 |
_aCR _c30.09.2014 _l30.09.2014 - от С1,Р / 30.09.2014 _kИрена_Линкова |
||
| 944 |
_aED _c30.09.2014 _l30.09.2014 - от С1,Р / 30.09.2014 |
||
| 999 | _d210432 | ||
| 999 | _d210432 | ||